00689nam a2200241 a 4500001001300000003000900013005001700022008004100039020001000080082002100090100001800111245002600129260004800155300000900203500003500212505001700247650001700264650001500281902000800296942000700304952012100311999001500432nice12345678IN_TiNIC20260116011417.0050524s1911 lona grp 000 0 eng  ac10000a305.480297bSOM1 aSommer, Annie aDaylight in the Harem aLondonbOliphant Anderson and Ferrierc1911 a224p aincludes index and biblioraphy2 aBibliography aMuslim Women aEvangelism bSRS cBK 001040708StackRoom-aHMIbHMId2007-03-26g100.00l0o305.480297 SOM1p01242r2007-03-26v100.00w2005-05-24yBK c1297d1297